| 000 | 00793nam a2200217 a 4500 | ||
|---|---|---|---|
| 999 |
_c7730 _d7730 |
||
| 001 | 7730 | ||
| 003 | BD-JhCC | ||
| 005 | 20181003165921.0 | ||
| 008 | 180213b1991 bg |||| ||a| 000 0 ben d | ||
| 035 | _a(BD-JhCC) 7730 | ||
| 040 |
_aBD-JhCC _dBD-JhCC |
||
| 041 | _aben | ||
| 082 |
_a954.9205 _bISL 1991 |
||
| 100 | _aইসলাম, মেজর রফিকুল | ||
| 245 |
_aএকাত্তরের মুক্তিযুদ্ধ : _bপ্রতিরোধের প্রথম প্রহর / _cমেজর রফিকুল ইসলাম, |
||
| 260 |
_aঢাকা: _bইউনিভার্সিটি প্রেস লিমিটেড, _c1991 |
||
| 300 |
_a140 p .: _c22 cm . |
||
| 650 | _aRevolution (1971), Bangladesh | ||
| 942 |
_2ddc _cBK |
||